MARC details
| 000 -LEADER |
| campo de control de longitud fija |
01597nam a2200361 i 4500 |
| 001 - NÚMERO DE CONTROL |
| campo de control |
186680 |
| 003 - IDENTIFICADOR DE NÚMERO DE CONTROL |
| campo de control |
SpMaBN |
| 005 - FECHA Y HORA DE LA ÚLTIMA TRANSACCIÓN |
| campo de control |
20260223131558.0 |
| 008 - DATOS DE LONGITUD FIJA--INFORMACIÓN GENERAL |
| campo de control de longitud fija |
170131s1994 sp abe c |||| | spa d |
| 020 ## - NÚMERO INTERNACIONAL ESTÁNDAR DEL LIBRO |
| Número Internacional Estándar del Libro |
84-88699-10-7 |
| 080 ## - NÚMERO DE LA CLASIFICACIÓN DECIMAL UNIVERSAL |
| Número de la Clasificación Decimal Universal |
016:912(460) |
| 080 ## - NÚMERO DE LA CLASIFICACIÓN DECIMAL UNIVERSAL |
| Número de la Clasificación Decimal Universal |
017.1(460.27 M.) |
| 110 2# - ENTRADA PRINCIPAL--NOMBRE DE ENTIDAD CORPORATIVA |
| Nombre de entidad corporativa o nombre de jurisdicción como elemento de entrada |
Biblioteca Nacional (España) |
| Término indicativo de función/relación |
entidad responsable |
| 9 (RLIN) |
2188 |
| 245 10 - MENCIÓN DEL TÍTULO |
| Título |
Cartografía de España en la Biblioteca Nacional (siglos XVI al XIX) / |
| Mención de responsabilidad, etc. |
Carmen Líter Mayayo, Francisca Sanchis Ballester, Ana Herrero Vigil. |
| 260 ## - PUBLICACIÓN, DISTRIBUCIÓN, ETC. |
| Lugar de publicación, distribución, etc. |
[Madrid] : |
| Nombre del editor, distribuidor, etc. |
Biblioteca Nacional, |
| Fecha de publicación, distribución, etc. |
[1994] |
| 300 ## - DESCRIPCIÓN FÍSICA |
| Extensión |
2 volúmenes (370 ; 452 páginas) : |
| Otras características físicas |
mapas, planos ; |
| Dimensiones |
30 cm |
| 500 ## - NOTA GENERAL |
| Nota general |
Índices |
| 504 ## - NOTA DE BIBLIOGRAFÍA, ETC. |
| Nota de bibliografía, etc. |
Bibliografía: páginas 451-452 |
| 530 ## - NOTA DISPONIBLE DE FORMULARIO FÍSICO ADICIONAL |
| Nota de formato físico adicional disponible |
Disponible en formato digital. |
| 650 #7 - PUNTO DE ACCESO ADICIONAL DE MATERIA--TÉRMINO DE MATERIA |
| Término de materia o nombre geográfico como elemento de entrada |
Mapas- |
| Subdivisión geográfica |
Biblioteca Nacional de España- |
| Subdivisión de forma |
Catálogos |
| 9 (RLIN) |
161622 |
| 651 #7 - PUNTO DE ACCESO ADICIONAL DE MATERIA--NOMBRE GEOGRÁFICO |
| Nombre geográfico |
España- |
| Subdivisión de forma |
Mapas- |
| -- |
Bibliografías |
| 9 (RLIN) |
161623 |
| 655 #7 - TERMINO DE INDIZACIÓN--GENERO/FORMA |
| Datos o término principal de género/forma |
Bibliografías |
| Fuente del término |
tgfbne |
| 9 (RLIN) |
226825 |
| 700 1# - ENTRADA AGREGADA--NOMBRE PERSONAL |
| Nombre de persona |
Líter Mayayo, Carmen |
| Término indicativo de función/relación |
Autor |
| 9 (RLIN) |
72569 |
| 700 1# - ENTRADA AGREGADA--NOMBRE PERSONAL |
| Nombre de persona |
Sanchis Ballester, Francisca, |
| Fechas asociadas al nombre |
1945- |
| Término indicativo de función/relación |
Autor |
| 9 (RLIN) |
103009 |
| 700 1# - ENTRADA AGREGADA--NOMBRE PERSONAL |
| Nombre de persona |
Herrero Vigil, Ana |
| Término indicativo de función/relación |
Autor |
| 9 (RLIN) |
63347 |
| 852 ## - LOCALIZACIÓN |
| Ubicación |
ES-MaACL |
| Sublocalización o colección |
R.151037 |
| Ubicación en estantería |
Depósito 1 |
| Signatura antigua |
Olim: N-6980 |
| Donativo/Legado |
Donación: Biblioteca Nacional de España |
| Número de control de estantería |
A-13980 |
| Designación de la unidad física |
v. 1 |
| itemnumber |
193737 |
| 852 ## - LOCALIZACIÓN |
| Ubicación |
ES-MaACL |
| Sublocalización o colección |
R.151037 |
| Ubicación en estantería |
Depósito 1 |
| Donativo/Legado |
Donación: Biblioteca Nacional de España |
| Número de control de estantería |
A-13981 |
| Designación de la unidad física |
v. 2 |
| itemnumber |
200906 |
| 856 4# - LOCALIZACIÓN Y ACCESO ELECTRÓNICOS |
| Identificador Uniforme de Recursos |
<a href="https://bdh-rd.bne.es/viewer.vm?id=0000133716&page=1">https://bdh-rd.bne.es/viewer.vm?id=0000133716&page=1</a> |
| Texto de enlace |
Biblioteca Digital Hispánica |
| 914 ## - NOMBRE ENTIDAD DE DONANTE |
| Nombre de congreso/reunión o jurisdicción como elemento de entrada |
Biblioteca Nacional de España |
| Unidad subordinada |
Donante |
| RLIN |
234950 |
| 942 ## - ELEMENTOS DE ENTRADA SECUNDARIOS (KOHA) |
| Fuente del sistema de clasificación o colocación |
Clasificación decimal universal |
| Tipo de ítem Koha |
Libro impreso |
| Suprimir en OPAC |
No |